Pays avec le plus de bouddhistes - Statistiques

Statistiques générales
  • Ce quiz a été pris 44 fois
  • Le résultat moyen est 13 sur 15
Statistiques - réponses
Nombre de bouddhistes Réponse % Correct
254 500 000 Chine
98%
10 000 000 Inde
95%
66 000 000 Thaïlande
95%
4 000 000 Laos
93%
15 700 000 Cambodge
90%
41 500 000 Japon
90%
15 600 000 Vietnam
90%
11 000 000 Corée du sud
88%
3 000 000 Népal
85%
3 500 000 Usa
85%
41 500 000 Birmanie
83%
5 010 000 Malaisie
73%
15 500 000 Sri Lanka
73%
5 000 000 Taïwan
70%
2 000 000 Singapour
60%
Aucun quiz correspondant
Distribution des résultats
% des personnes avec chaque résultat
Percentile par nombre de réponses
Votre historique - résultats
Vous n’avez pas pris ce quiz